000 00429nam a2200157Ia 4500
005 20241114031853.0
008 240331s9999 xx 000 0 und d
020 _a0195639375
082 _bRAM
_a823
245 4 _aThe collected essays of A.K.Ramanujam
260 _aNew Delhi
_bOxford University press
_c1999
300 _axviii, 638 p .,
500 _aEssays of A.K. Ramanujan
700 _aDharwadker, Vinay
_eedt
942 _cL
999 _c3317
_d3317